000 00930nam a2200313 i 4500
003 EG-GICUC
005 20260411191729.0
008 260411r1998 enk||||fr|||| 001 0 eng d
020 _a0198762992
040 _aEG-GiCUC
_beng
_cEG-GiCUC
_dEG-GiCUC
_erda
041 0 _aeng
082 0 4 _221
_a341.1
_bBR . P
092 0 4 _221
099 _aLaw1 11 341.1 BR . P 1998
100 1 _aBrownlie, Ian
_eAuthor.
245 1 0 _aPrinciples of public international law /
_cLan Brownlie.
250 _aFifth Edition
264 _aEngland :
_bOxford University Press ,
_c1979.
300 _a743 Pages;
_c24 cm.
336 _2rda content
_atext
337 _2rda media
_aComputer
338 _2rda carrier
_aOnline Resource
500 _aIncludes index.
546 _aText in English
650 1 _aPublic International Law
856 4 0 _uhttps://fll.law.cu.edu.eg/fulltext/bks/B11-09796.pdf
905 _a59
942 _2ddc
_cBK
_e21
_n0
999 _c70124
_d70124